00281nam a22001217a 4500003000400000020001800004082001400022100002000036245003700056260004500093300000800138650001300146SGT a9789357773515 a617bP23M aMehta, Nihar P. aP. J. Mehta's Practical Medicine aMumbai, IndiabNational Book Depotc2023 a638 aMedicine